<?xml version="1.0" encoding="UTF-8"?>
<record
    xmlns:xsi="http://www.w3.org/2001/XMLSchema-instance"
    xsi:schemaLocation="http://www.loc.gov/MARC21/slim http://www.loc.gov/standards/marcxml/schema/MARC21slim.xsd"
    xmlns="http://www.loc.gov/MARC21/slim">

  <leader>02327njm a2200385Ia 4500</leader>
  <controlfield tag="001">25657</controlfield>
  <controlfield tag="003">IT-RoPAU</controlfield>
  <controlfield tag="005">20220918181109.0</controlfield>
  <controlfield tag="008">131025s9999    xx            000 0 und d</controlfield>
  <datafield tag="040" ind1=" " ind2=" ">
    <subfield code="a">IT-RoPAU</subfield>
  </datafield>
  <datafield tag="040" ind1=" " ind2=" ">
    <subfield code="c">IT-RoPAU</subfield>
  </datafield>
  <datafield tag="041" ind1=" " ind2=" ">
    <subfield code="a">ITALIANO</subfield>
  </datafield>
  <datafield tag="999" ind1=" " ind2=" ">
    <subfield code="c">98869</subfield>
    <subfield code="d">98869</subfield>
  </datafield>
  <datafield tag="999" ind1=" " ind2=" ">
    <subfield code="b">n.d.</subfield>
  </datafield>
  <datafield tag="100" ind1=" " ind2=" ">
    <subfield code="a">AA.VV.</subfield>
    <subfield code="9">794</subfield>
  </datafield>
  <datafield tag="100" ind1=" " ind2=" ">
    <subfield code="e">Autore musica</subfield>
    <subfield code="9">13127</subfield>
  </datafield>
  <datafield tag="100" ind1=" " ind2=" ">
    <subfield code="g">Codice autore musica SPICS: 12000</subfield>
    <subfield code="9">796</subfield>
  </datafield>
  <datafield tag="245" ind1=" " ind2=" ">
    <subfield code="a">Domenica &#xE8; sempre domenica 16 grandi successi di Gorni Kramer</subfield>
  </datafield>
  <datafield tag="250" ind1=" " ind2=" ">
    <subfield code="a">1a ed.</subfield>
  </datafield>
  <datafield tag="260" ind1=" " ind2=" ">
    <subfield code="a">ROMA</subfield>
  </datafield>
  <datafield tag="260" ind1=" " ind2=" ">
    <subfield code="b">RCA (RADIO CORP. AMERICA)</subfield>
    <subfield code="c">1978 [1a Ed.:1978]</subfield>
  </datafield>
  <datafield tag="300" ind1=" " ind2=" ">
    <subfield code="a">DISCO</subfield>
  </datafield>
  <datafield tag="300" ind1=" " ind2=" ">
    <subfield code="c">42 minuti (Testo:  pag.)</subfield>
  </datafield>
  <datafield tag="500" ind1=" " ind2=" ">
    <subfield code="a">Canzone italiana. Musica leggera. Canzoni di successo</subfield>
  </datafield>
  <datafield tag="505" ind1=" " ind2=" ">
    <subfield code="a">Amore fermati [(Bongusto Fred) (3:00)] - Domenica &#xE8; sempre domenica [(Riva Mario) (3:00)] - O baby kiss me [(Bonino Ernesto) (3:00)] - Ho il cuore in paradiso [(Lojacono Corrado) (3:00)] - Donna [(Quartetto Cetra) (3:00)] - Un bacio a mezzanotte [(Quartetto Cetra) (3:00)] - In un palco della Scala [(Quartetto Cetra) (5:00)] - Simpatica [(Arigliano Nicola) (3:00)] - Pippo non lo sa [(Martino Miranda) (3:00)] - Attanasio cavallo vanesio [(Rascel Renato) (4:00)] - Un giorno ti dir&#xF2; [(Curtis Betty) (2:00)] - Piccola Italy [(Bonino Ernesto) (4:00)] - Buonanotte al mare [(Rascel Renato) (4:00)] - Soldi, soldi, soldi [(Loren Sophia) (2:00)] - Femminilit&#xE0; [(D'Amico Anna) (3:00)] - Concertino [(Bacilieri Paolo) (3:00)]</subfield>
  </datafield>
  <datafield tag="650" ind1=" " ind2=" ">
    <subfield code="a">CANZONE ITALIAN [DISCHI]</subfield>
    <subfield code="e">Codice MATERIA SPICS: 9950</subfield>
    <subfield code="9">13128</subfield>
  </datafield>
  <datafield tag="700" ind1=" " ind2=" ">
    <subfield code="a">Kramer Gorni</subfield>
    <subfield code="d">Codice autore musica SPICS: 11552</subfield>
    <subfield code="e">Autore musica</subfield>
    <subfield code="9">13129</subfield>
  </datafield>
  <datafield tag="700" ind1=" " ind2=" ">
    <subfield code="a">Giovannini Sandro</subfield>
    <subfield code="d">Codice autore testo/musica SPICS: 13634</subfield>
    <subfield code="e">Autore musica</subfield>
    <subfield code="9">13130</subfield>
  </datafield>
  <datafield tag="700" ind1=" " ind2=" ">
    <subfield code="a">Garinei Pietro</subfield>
    <subfield code="d">Codice autore testo/musica SPICS: 13576</subfield>
    <subfield code="e">Autore testo/musica</subfield>
    <subfield code="9">13131</subfield>
  </datafield>
  <datafield tag="700" ind1=" " ind2=" ">
    <subfield code="a">Zapponi Bernardino</subfield>
    <subfield code="d">Codice autore musica SPICS: 3374</subfield>
    <subfield code="e">Autore musica</subfield>
    <subfield code="p">Amore fermati</subfield>
    <subfield code="9">13132</subfield>
  </datafield>
  <datafield tag="700" ind1=" " ind2=" ">
    <subfield code="a">Terzoli Italo</subfield>
    <subfield code="d">Codice autore SPICS: 789</subfield>
    <subfield code="e">Autore</subfield>
    <subfield code="p">Amore fermati</subfield>
    <subfield code="9">13133</subfield>
  </datafield>
  <datafield tag="700" ind1=" " ind2=" ">
    <subfield code="a">Panzeri Mario</subfield>
    <subfield code="d">Codice autore musica SPICS: 13372</subfield>
    <subfield code="e">Autore musica</subfield>
    <subfield code="p">Pippo non lo sa</subfield>
    <subfield code="9">13134</subfield>
  </datafield>
  <datafield tag="700" ind1=" " ind2=" ">
    <subfield code="a">Rastelli Nino</subfield>
    <subfield code="d">Codice autore SPICS: 13482</subfield>
    <subfield code="e">Autore</subfield>
    <subfield code="p">Pippo non lo sa</subfield>
    <subfield code="9">13135</subfield>
  </datafield>
  <datafield tag="700" ind1=" " ind2=" ">
    <subfield code="a">Bertini Umberto</subfield>
    <subfield code="d">Codice autore musica SPICS: 13511</subfield>
    <subfield code="e">Autore musica</subfield>
    <subfield code="p">Un giorno ti dir&#xF2;</subfield>
    <subfield code="9">13136</subfield>
  </datafield>
  <datafield tag="942" ind1=" " ind2=" ">
    <subfield code="c">MD</subfield>
    <subfield code="2">ddc</subfield>
  </datafield>
  <datafield tag="952" ind1=" " ind2=" ">
    <subfield code="0">0</subfield>
    <subfield code="1">0</subfield>
    <subfield code="4">0</subfield>
    <subfield code="6">25657_000000000000000</subfield>
    <subfield code="7">1</subfield>
    <subfield code="a">SPICS</subfield>
    <subfield code="b">SPICS</subfield>
    <subfield code="d">2013-10-25</subfield>
    <subfield code="l">0</subfield>
    <subfield code="o">25657</subfield>
    <subfield code="r">2013-10-25 00:00:00</subfield>
    <subfield code="w">2013-10-25</subfield>
    <subfield code="y">MD</subfield>
    <subfield code="z">Progr. Ins.: 5531 / N.Vol.: 1 / Copie: 1 - Copia rara: n.d. / date import: 01.01.2014 - By Epidotti, Trombetti, Vaglietti</subfield>
  </datafield>
</record>
